000 00256nam a2200109Ia 4500
008 220204s9999 xx 000 0 und d
082 _a077
_bWIN
100 _aWinwar, D
245 0 _aJoy of photography
260 _aPhilippines
_bEastman
_c1979
942 _cBK
999 _c36261
_d36261